| 000 | 00356nam a2200145Ia 4500 | ||
|---|---|---|---|
| 008 | 231217s9999 xx 000 0 und d | ||
| 041 | _aEnglish | ||
| 082 | _a001.642 FOR | ||
| 100 | _aFortier, Paul J | ||
| 245 | 0 | _aDesign of distributed operating systems | |
| 260 |
_c1986 _bIntertext |
||
| 300 | _a323 | ||
| 650 | _aOperating systems | ||
| 942 | _cAA | ||
| 999 |
_c164909 _d164909 |
||